书目信息 |
| 题名: |
工程建设标准化实用知识问答
|
|
| 作者: | 杨瑾峰 主编 | |
| 分册: | ||
| 出版信息: | 北京 中国计划出版社 2002 |
|
| 页数: | 13,345页 | |
| 开本: | 21cm | |
| 丛书名: | ||
| 单 册: | ||
| 中图分类: | TU711 | |
| 科图分类: | ||
| 主题词: | 建筑工程--标准化管理--基本知识 | |
| 电子资源: | ||
| ISBN: | 7-80177-034-X | |
| 000 | 00814nam0 2200229 450 | |
| 001 | 012002034485 | |
| 005 | 20080825154736.25 | |
| 010 | @a7-80177-034-X@dCNY21.00 | |
| 100 | @a20020418d2002 em y0chiy0110 ea | |
| 101 | 0 | @achi |
| 102 | @aCN@b110000 | |
| 105 | @ay a 000yy | |
| 200 | 1 | @a工程建设标准化实用知识问答@Agong cheng jian she biao zhun hua shi yong zhi shi wen da@f杨瑾峰主编@Fyang jin feng zhu bian |
| 210 | @a北京@c中国计划出版社@d2002 | |
| 215 | @a13,345页@d21cm | |
| 320 | @a有书目。 | |
| 330 | @a本书讲述了标准化的基本概念,工程建设标准化的历史与发展,工程建设标准化原理,工程建设标准的对象和特点,工程建设标准化的地位和作用等知识。 | |
| 606 | 0 | @a建筑工程@x标准化管理@x基本知识 |
| 690 | @aTU711@v4 | |
| 701 | 0 | @a杨瑾峰@9yang jin feng@4主编 |
| 801 | 0 | @aCN@c20080825 |
| 905 | @dTU711@eY201 | |
| 工程建设标准化实用知识问答/杨瑾峰主编.-北京:中国计划出版社,2002 |
| 13,345页;21cm |
| ISBN 7-80177-034-X:CNY21.00 |
| 本书讲述了标准化的基本概念,工程建设标准化的历史与发展,工程建设标准化原理,工程建设标准的对象和特点,工程建设标准化的地位和作用等知识。 |
| ● |
| 相关链接 |
|
|
|
正题名:工程建设标准化实用知识问答
索取号:TU711/Y201
 
预约/预借
| 序号 | 登录号 | 条形码 | 馆藏地/架位号 | 状态 | 备注 |
| 1 | 714279 | 207142796 | 建筑库201/201建筑库 18排2列5层/ [索取号:TU711/Y201] | 在馆 | |
| 2 | 714280 | 207142803 | 建筑库201/201建筑库 18排2列5层/ [索取号:TU711/Y201] | 在馆 | |
| 3 | 714281 | 207142812 | 建筑库201/201建筑库 18排2列5层/ [索取号:TU711/Y201] | 在馆 |